40 rokov ASEAN. Ako ďalej?

Spoločenstvo krajín ASEAN. Plán na vytvorenie Ekonomického spoločenstva do roku 2015. Možné ohrozenia pre vytvorenie jednotného trhu ASEAN. ASEAN a klimatické zmeny. Vzťahy ASEAN a Európskej únie.

Guardado en:
Detalles Bibliográficos
Autor principal: Hurná, Júlia
Formato: Capítulo de libro
Lenguaje:eslovaco
Materias:
Etiquetas: Agregar Etiqueta
Sin Etiquetas, Sea el primero en etiquetar este registro!

MARC

LEADER 00000naa$a2200000$$$4500
001 0076247
005 20240502071907.1
041 0 |a slo 
044 |a SK 
245 1 0 |a 40 rokov ASEAN. Ako ďalej? 
520 |a Spoločenstvo krajín ASEAN. Plán na vytvorenie Ekonomického spoločenstva do roku 2015. Možné ohrozenia pre vytvorenie jednotného trhu ASEAN. ASEAN a klimatické zmeny. Vzťahy ASEAN a Európskej únie. 
610 2 0 |a Európska únia 
610 2 0 |a spolupráca hospodárska medzinárodná 
610 2 0 |a juhovýchodná Ázia 
610 2 0 |a trh 
610 2 0 |a pohyb kapitálu 
610 2 0 |a organizácie medzinárodné 
610 2 0 |a pohyb ekonomický 
610 2 0 |a pohyb služieb voľný 
100 1 |a Hurná, Júlia